000 00274nam a22001217a 4500
008 170614b xxu||||| |||| 00| 0 eng d
041 _aeng
080 _a32
100 _a19
101 _aSHP
245 _aINTRODUCTION TO POLITICAL INQUIRY
_cCOLE.R,.L
942 _2udc
_cBK
999 _c17398
_d17398